000 00680nam a2200241Ia 4500
003 OSt
005 20220928123949.0
006 a|||||r|||| 00| 0
007 ta
008 220927b |||||||| |||| 00| 0 eng d
024 _a74884
037 _cTextual
040 _aSDCL
_cSDCL
_beng
041 _2eng
_aeng
082 _aWk, N1 RR
100 _aAshford Nigel Ed.
_9462722
245 0 _aDictonary of conservative and libertarian thougnt
260 _aLondon
_bRoutledge
_c1991
300 _axv,288p
_ccm.
700 _a Davies Stephen Ed.
_9462723
942 _hWk, N1 RR
_cTEXL
_2CC
999 _c775685
_d775685